000 00296nam a2200121Ia 4500
008 241014s9999||||xx |||||||||||||| ||und||
020 _a0-85404-614-3
100 _aDuffus John H
245 0 _aFundamental Toxicology
260 _bRSC publishing
_c2006
650 _aPharmacology
942 _bDCOP
_cBK
999 _c1275
_d1275